Регионална библиотека "Любен Каравелов" - Русе

[Фитнес] Fitness за жени [DVD] (Запис номер 225810)

MARC детайли
000 -Лидер
Контролно поле с фиксирана дължина 01490njm a2200397 c 4500
003 - Код на организацията, давaща контролен номер
Контролно поле BLK
005 - Дата и час на последна редакция
Контролно поле 20180421002655.0
008 - Елементи от данни с фиксирана дължина
fixed length control field 180410b bul||n||s|||||||| n|bulo|
010 ## - Наследен системен номер
LC control number CDD00007090000
020 ## - Международен стандартен номер на книга ISBN
Международен стандартен номер на книга ISBN МК 54130
-- издат.: AMG
040 ## - Източник на каталожния запис
Идентификатор на билиотеката - собственик на записа BLK
041 ## - Код за език
Код за езика на текст/звукозапис или на отделно заглавие Български
Код за езика КДБФ Български
072 #7 - Код за тематичната категория
Код организация bullib
Код за тематична категория Ф08
Текст Други Ф
080 ## - УДК
Текстов определител УДК Гимнастика. Лека атлетика. Акробатика. Вж и 615.825.1; 791.86; 796.8; 796.91 ; Тежка атлетика вж 796.8
УДК код - определител по УДК 796.4
УДК определител -055.2(086.8)
УДК - код + определител 796.4-055.2(086.8)
100 1# - Редна дума - Автор
Автор Шоенфелд, Брад
Авторска отговорност първи автор
R(LIN) 143864
139 ## - Редно поле
Редна дума Шоенфелд, Брад
Авторски знак Шо - Ш 81
245 10 - Сведения за заглавието
Заглавие [Фитнес] Fitness за жени [DVD]
Подзаглавни данни 41 осн. упражнения, чието наблюдение спомага за правилното им изпълнение
Редно поле (дума) Брад Шоенфелд.
257 ## - Страна на издаване
Страна на създаване/издаване Съединени американски щати
260 ## - Област на издателските данни
-- София
Име на издателя, разпространителя и проч. AMG
Година на издаване 2009
300 ## - Физическа характеристика
Страници (60 мин.)
Размери/Мащаб 12 см
306 ## - Продължителност на изпълнението
-- ф
380 ## - Жанр
Жанр 793/799 Спорт
500 ## - Общи забележки
Забележка Към кн. със същото загл. и сигн. ІІ 17493.
650 #4 - Допълнително описание по предмет – тема
Основно описание – тема или топоним Фитнес
9 (RLIN) 175862
650 #4 - Допълнително описание по предмет – тема
Основно описание – тема или топоним Гимнастика
9 (RLIN) 152128
653 ## - Ключова дума – ненормативна
Ключова дума физически упражнения
653 ## - Ключова дума – ненормативна
Ключова дума аеробика
653 ## - Ключова дума – ненормативна
Ключова дума фитнес
653 ## - Ключова дума – ненормативна
Ключова дума жени
659 ## - Тематичен бюлетин
Тематичен бюлетин Ф
852 ## - Местоположение
Форматна сигнатура Цб CD 3216
Част 0
856 4# - Електронен адрес и достъп
Електронен формат pdf - файл
Път до файла /url/
856 4# - Електронен адрес и достъп
Електронен формат pdf - файл
Път до файла /url/
942 ## - АРТИКУЛИ
Вид на библиотечния материал Компактдискове
Скрит в OPAC Не
944 ## - СЪЗДАВАНЕ И РЕДАКЦИЯ на ЗАПИСА
Създаване/Редакция Създаване
Дата на регистрацията/редакция 26.11.2012
Служител, извършил регистрацията/редакцията Людмила_Стоянова
944 ## - СЪЗДАВАНЕ И РЕДАКЦИЯ на ЗАПИСА
Създаване/Редакция Редакция
Дата на регистрацията/редакция 15.07.2013
Служител, извършил регистрацията/редакцията
999 ## - СИСТЕМНИ КОНТРОЛНИ НОМЕРА
Koha biblionumber 225810
Koha biblioitemnumber 225810
Наличности
Код за отписване Код за изгубен артикул Код за повреда Коз за рестрикции Код за отдаване Артикулен № Име на библиотеката - собственик Име на библиотеката, в която се намира в момента Статус (Текущо местоположение) Дата на вписване в системата Местоположение - отдел Цена в лева Инвентарен номер Систематично азбучна сигнатура Баркод Номер на екземпляра Цена в евро Служебна бележка Служебен тип на артикула
  Не е изгубен Не е повреден без рестрикции ползва се в читалня 397906 Регионална библиотека "Любен Каравелов" Русе Регионална библиотека "Любен Каравелов" Русе Основен фонд - ползва се само за читалня 2012-11-24 Основен фонд - ползва се само за читалня 4.07 250000004916 Цб CD 3216 250000004916 1 2.08 Дост: Pk Вид: Ф N: 0012000308 Дата: 23.11.2012 Съставил: Виолета_Тройчева Компактдискове
Изтеглен Не е изгубен Не е повреден без рестрикции заемане за дома 397907 Регионална библиотека "Любен Каравелов" Русе Регионална библиотека "Любен Каравелов" Русе Заемна - подръчен фонд 2013-04-05 Заемна - подръчен фонд 5.00 250000005057 П 796.4/Ш 81 250000005057 2 2.56 Дост: DA Вид: А N: 4 Дата: 05.04.2013 Съставил: Пенка_Димитрова Компактдискове
Vip Innovations Ltd, Rousse, Bulgaria 2025